000 00754nam a2200241Ia 4500
001 9298
003 GE_BSU
008 181216s||||||||xx |||||||||||||| ||und||
040 _cGE_BSU
080 _a821.353.1-31
100 _aლორთქიფანიძე,კონსტანტინე
245 _aნატვრის თვალი
245 _bრომანი
245 _cრედ:ლ.კალანდაძე;მხატვ:დ.ნოდია
260 _aთბილისი.
260 _bსაბჭ.საქართველო
260 _c1958
300 _a114გვ;20სმ.
300 _bილ.
653 _aნატვრის თვალი
653 _aრომანი
942 _cBK
999 _c42595
_d42595